[Event "DEM U12 2011"]
[Site "Oberhof GER"]
[Date "2011.06.15"]
[Round "6"]
[White "Schmekel, Florian"]
[Black "Surguchov, Alexander"]
[Result "1-0"]
[Termination "normal"]
[Board "21"]
[WhiteElo "1544"]
[BlackElo "1545"]
[PlyCount "95"]
[WhiteFideId "12913456"]
[BlackFideId "1272035"]
[EventCountry "GER"]
[EventRounds "11"]
[EventType "swiss"]
[EventDate "2011.06.11"]

1. d4 e6 2. c4 f5 3. g3 c6 4. Bg2 Nf6 5. Bg5 d5 6. cxd5 exd5 7. Nf3 Bd6 8. O-O
O-O 9. Nc3 Nbd7 10. Rb1 Qe8 11. Bxf6 Nxf6 12. Nd2 Ne4 13. e3 b6 14. Ndxe4 fxe4
15. Qb3 Qf7 16. Ne2 Ba6 17. Qd1 Bd3 18. Rc1 c5 19. dxc5 Bxc5 20. a3 a5 21. Rc3
Bc4 22. b3 Ba6 23. a4 Rad8 24. Rc2 Bb4 25. Bh3 Bd3 26. Rc6 Bc5 27. Be6 Rde8 28.
Bxf7+ Rxf7 29. Nf4 Bxf1 30. Kxf1 Rd8 31. Kg2 Rdf8 32. Qxd5 Kh8 33. Qxe4 Bb4 34.
Qd5 Be7 35. Rxb6 g5 36. Nh3 h5 37. Rb7 h4 38. Qxf7 Rxf7 39. Nxg5 Rg7 40. Ne6
Rf7 41. Nd8 Rg7 42. Nc6 hxg3 43. hxg3 Bf6 44. Rxg7 Kxg7 45. Nxa5 Bg5 46. Nc4
Kf6 47. e4 Ke6 48. f4 1-0

[Event "DEM U12 2011"]
[Site "Oberhof GER"]
[Date "2011.06.15"]
[Round "6"]
[White "Rätzke von Stoyentin, Steffen"]
[Black "Hartmann, Jakob"]
[Result "1/2-1/2"]
[Termination "normal"]
[Board "22"]
[WhiteElo "1728"]
[BlackElo "1567"]
[PlyCount "145"]
[WhiteFideId "12907502"]
[BlackFideId "12918067"]
[EventCountry "GER"]
[EventRounds "11"]
[EventType "swiss"]
[EventDate "2011.06.11"]

1. e4 d5 2. exd5 Qxd5 3. Nc3 Qd6 4. d4 Nf6 5. Bg5 c6 6. Qd2 Bf5 7. Bf4 Qb4 8.
O-O-O e6 9. Nf3 Nbd7 10. Ne5 Nb6 11. a3 Qa5 12. Ne4 Qd5 13. Nc3 Qa5 14. Ne4 Qa4
15. Nc5 Bxc5 16. dxc5 Nbd5 17. Bg3 Ne4 18. Qd4 Qxd4 19. Rxd4 Nxc5 20. Bc4 Rc8
21. Re1 O-O 22. Nf3 Rfd8 23. Red1 f6 24. Ba2 Rd7 25. Nh4 Bg6 26. Nxg6 hxg6 27.
c4 Nb6 28. b4 Rxd4 29. Rxd4 Ncd7 30. Rd6 c5 31. Rxe6 Kh7 32. b5 Rf8 33. f3 Rd8
34. Bc7 Rc8 35. Bd6 Rd8 36. Kc2 Kg8 37. Bc7 Rc8 38. Bxb6 axb6 39. f4 Kf7 40.
Re1 f5 41. Kc3 Rh8 42. h3 Rh4 43. Rf1 Nf6 44. Kd3 Nh5 45. Ke3 Ng3 46. Rd1 Ke7
47. Bb1 Nh5 48. Rf1 Ng3 49. Rf3 Nh5 50. Bc2 Ke6 51. Bd3 Ke7 52. Bf1 Nf6 53. g3
Rh8 54. Ke2 Rd8 55. Re3+ Kf7 56. Rd3 Rxd3 57. Kxd3 Ne4 58. g4 Nf2+ 59. Ke3 Nd1+
60. Ke2 Nc3+ 61. Kd3 Ne4 62. Bg2 Nd6 63. Bd5+ Ke7 64. Ke3 fxg4 65. hxg4 Kf6 66.
g5+ Ke7 67. Kf3 Kf8 68. Ke3 Ke7 69. Kd3 Kf8 70. Kc3 Ke7 71. Kb3 Kf8 72. a4 Ke7
73. Kc3 1/2-1/2

[Event "DEM U12 2011"]
[Site "Oberhof GER"]
[Date "2011.06.15"]
[Round "6"]
[White "Krüger, David"]
[Black "Spitzl, Vinzent"]
[Result "0-1"]
[Termination "normal"]
[Board "23"]
[WhiteElo "1810"]
[BlackElo "1701"]
[PlyCount "62"]
[WhiteFideId "12921858"]
[BlackFideId "12901253"]
[EventCountry "GER"]
[EventRounds "11"]
[EventType "swiss"]
[EventDate "2011.06.11"]

1. d4 d5 2. c4 e6 3. Nc3 Be7 4. cxd5 exd5 5. Bf4 c6 6. Qc2 Bd6 7. Bxd6 Qxd6 8.
e3 Ne7 9. Bd3 g6 10. f3 O-O 11. Nge2 Nf5 12. Bxf5 Bxf5 13. e4 dxe4 14. fxe4 Bg4
15. O-O Na6 16. a3 Kh8 17. h3 Bxe2 18. Nxe2 Qe7 19. Nf4 f5 20. e5 c5 21. dxc5
Qxc5+ 22. Qxc5 Nxc5 23. Rac1 Ne4 24. Rc7 Rfe8 25. Rxb7 Rxe5 26. Rd1 Nc5 27. Rc7
a6 28. Nd5 Ne4 29. Re1 Rxd5 30. g4 Rd2 31. gxf5 gxf5 0-1

[Event "DEM U12 2011"]
[Site "Oberhof GER"]
[Date "2011.06.15"]
[Round "6"]
[White "Balazs, Balint"]
[Black "Sadewasser, Lucie"]
[Result "1-0"]
[Termination "normal"]
[Board "24"]
[WhiteElo "1587"]
[BlackElo "1361"]
[PlyCount "63"]
[WhiteFideId "12922757"]
[BlackFideId "12905445"]
[EventCountry "GER"]
[EventRounds "11"]
[EventType "swiss"]
[EventDate "2011.06.11"]

1. e4 e5 2. Bc4 Nf6 3. d3 Nc6 4. Nc3 Bb4 5. f4 d6 6. Nf3 Bg4 7. h3 Bxf3 8. gxf3
Nd4 9. f5 Nh5 10. h4 Ng3 11. Rh2 Nge2 12. Bd2 Bxc3 13. bxc3 Nxf3+ 14. Kxe2 Nxh2
15. Bg5 f6 16. Kd2 g6 17. Bh6 c6 18. Be6 Qe7 19. Ke3 Kd8 20. Qg1 Kc7 21. Qxh2
Rab8 22. d4 Kd8 23. dxe5 dxe5 24. Rd1+ Ke8 25. Rd7 Qc5+ 26. Kd2 Rd8 27. Rxd8+
Kxd8 28. Bg7 Re8 29. Bxf6+ Kc7 30. Bxe5+ Kd8 31. Bf6+ Re7 32. Qb8# 1-0

[Event "DEM U12 2011"]
[Site "Oberhof GER"]
[Date "2011.06.15"]
[Round "6"]
[White "Brandl, Lea Maria"]
[Black "Rogozenco, Teodora"]
[Result "1-0"]
[Termination "normal"]
[Board "25"]
[WhiteElo "1546"]
[BlackElo "1356"]
[PlyCount "71"]
[WhiteFideId "24693049"]
[BlackFideId "12938084"]
[EventCountry "GER"]
[EventRounds "11"]
[EventType "swiss"]
[EventDate "2011.06.11"]

1. d4 Nf6 2. c4 g6 3. Nc3 Bg7 4. e4 d6 5. Nf3 O-O 6. Be2 e5 7. O-O Nc6 8. d5
Ne7 9. Nd2 a5 10. Rb1 Ne8 11. a3 f5 12. b4 Nf6 13. f3 f4 14. c5 g5 15. Nc4 axb4
16. axb4 h5 17. Ba3 Ne8 18. b5 Rf6 19. b6 Ng6 20. bxc7 Qxc7 21. Nb5 Qd8 22.
cxd6 Bf8 23. Bc5 Ra6 24. Kh1 Ra8 25. Qc2 g4 26. Nb6 gxf3 27. Bxf3 Ra6 28. Nxc8
Qxc8 29. Rfc1 h4 30. h3 Bxd6 31. Bxd6 Qxc2 32. Rxc2 Nxd6 33. Nxd6 Rfxd6 34.
Rxb7 Ra1+ 35. Kh2 Kf8 36. Rc8+ 1-0

[Event "DEM U12 2011"]
[Site "Oberhof GER"]
[Date "2011.06.15"]
[Round "6"]
[White "Burg, Niclas"]
[Black "Nobis, Anna"]
[Result "0-1"]
[Termination "normal"]
[Board "26"]
[WhiteElo "1311"]
[BlackElo "1572"]
[PlyCount "70"]
[WhiteFideId "1271968"]
[BlackFideId "1270302"]
[EventCountry "GER"]
[EventRounds "11"]
[EventType "swiss"]
[EventDate "2011.06.11"]

1. e4 c5 2. Nf3 Nc6 3. d4 cxd4 4. Nxd4 e5 5. Nb5 d6 6. g3 Be6 7. Bg2 Be7 8. O-O
a6 9. N5c3 Nf6 10. Nd5 Bxd5 11. exd5 Nb8 12. Bg5 h6 13. Be3 O-O 14. c4 Nbd7 15.
Nc3 Qc7 16. Qd3 Rfc8 17. b3 Nc5 18. f4 Nxd3 19. fxe5 Nxe5 20. Ne4 Nxe4 21. Bxe4
b5 22. cxb5 axb5 23. Rac1 Qb7 24. Bd4 Rxc1 25. Rxc1 Rxa2 26. Bxe5 dxe5 27. h4
Qa7+ 28. Kh1 g6 29. Rc8+ Kg7 30. g4 Ra1+ 31. Kh2 Qg1+ 32. Kh3 Qe3+ 33. Kh2 Ra2+
34. Bg2 Qf2 35. Kh1 Qxg2# 0-1

[Event "DEM U12 2011"]
[Site "Oberhof GER"]
[Date "2011.06.15"]
[Round "6"]
[White "Wächter, Nathalie"]
[Black "Bugdahl, Felix"]
[Result "1-0"]
[Termination "normal"]
[Board "27"]
[WhiteElo "1707"]
[BlackElo "1350"]
[PlyCount "115"]
[WhiteFideId "12921033"]
[BlackFideId "12938092"]
[EventCountry "GER"]
[EventRounds "11"]
[EventType "swiss"]
[EventDate "2011.06.11"]

1. e4 c6 2. d4 d5 3. exd5 cxd5 4. c4 Nf6 5. Nc3 e6 6. Nf3 b6 7. cxd5 Nxd5 8.
Bd3 Bb4 9. Bd2 Bb7 10. O-O Nc6 11. a3 Be7 12. Re1 O-O 13. Qe2 Bf6 14. Qe4 g6
15. Bh6 Bg7 16. Bxg7 Kxg7 17. Rad1 Nf6 18. Qh4 h5 19. Bc2 Ne7 20. Ng5 Rc8 21.
Rxe6 Rxc3 22. bxc3 Qd5 23. Be4 Nxe4 24. Rxe4 Nf5 25. Qf4 Nd6 26. Qe5+ Kh6 27.
Qxd5 Bxd5 28. Re5 Bb3 29. Rb1 f6 30. Ree1 Kxg5 31. Rxb3 Rc8 32. f3 Nc4 33. Re2
f5 34. Kf2 h4 35. a4 Rc7 36. Rb1 Rd7 37. Rd1 Rd5 38. Rde1 Kh5 39. Rg1 Kg5 40.
Ke1 Ra5 41. Ra2 b5 42. Ke2 bxa4 43. Kd3 Nb6 44. c4 Kf4 45. Rga1 g5 46. c5 Nd5
47. Rxa4 Rxa4 48. Rxa4 a6 49. c6 h3 50. gxh3 Kxf3 51. Rc4 Nb6 52. c7 Kg2 53.
c8=Q Nxc8 54. Rxc8 g4 55. hxg4 fxg4 56. d5 Kxh2 57. d6 g3 58. d7 1-0

[Event "DEM U12 2011"]
[Site "Oberhof GER"]
[Date "2011.06.15"]
[Round "6"]
[White "Hoffmann, Christoph"]
[Black "Angrick, Philipp"]
[Result "0-1"]
[Termination "normal"]
[Board "28"]
[WhiteElo "1360"]
[BlackElo "1834"]
[PlyCount "76"]
[BlackFideId "12912298"]
[EventCountry "GER"]
[EventRounds "11"]
[EventType "swiss"]
[EventDate "2011.06.11"]

1. d4 d5 2. c4 e6 3. Nc3 Nf6 4. Nf3 Nbd7 5. Bg5 c6 6. e3 Qa5 7. Bxf6 Nxf6 8.
Bd3 Bb4 9. Qc2 O-O 10. O-O Bd7 11. Ne5 h6 12. a3 Bd6 13. Nxd7 Nxd7 14. e4 Rac8
15. e5 Be7 16. b4 Qc7 17. c5 Nxe5 18. dxe5 Qxe5 19. Rfe1 Qb8 20. Bf5 Bf6 21.
Bd3 b6 22. cxb6 axb6 23. Rac1 c5 24. bxc5 bxc5 25. a4 c4 26. Bf1 Qb4 27. g3 Rb8
28. Bg2 Rfd8 29. Red1 Bxc3 30. Qxc3 Qxa4 31. Ra1 Qe8 32. Ra5 Rb5 33. Rxb5 Qxb5
34. Bf1 Rb8 35. f3 Qc5+ 36. Kg2 Rb3 37. Qd4 Qa3 38. Ra1 Rb2+ 0-1

[Event "DEM U12 2011"]
[Site "Oberhof GER"]
[Date "2011.06.15"]
[Round "6"]
[White "Trotzke, Johannes"]
[Black "Rempe, Moritz"]
[Result "0-1"]
[Termination "normal"]
[Board "29"]
[WhiteElo "1491"]
[BlackElo "1784"]
[PlyCount "112"]
[WhiteFideId "12918105"]
[BlackFideId "12906867"]
[EventCountry "GER"]
[EventRounds "11"]
[EventType "swiss"]
[EventDate "2011.06.11"]

1. e4 e6 2. d4 d5 3. exd5 exd5 4. Bd3 c5 5. dxc5 Bxc5 6. Nf3 Nf6 7. O-O Be6 8.
Bg5 O-O 9. Nc3 a6 10. Bxf6 Qxf6 11. Nxd5 Bxd5 12. Bxh7+ Kxh7 13. Qxd5 Qc6 14.
Qf5+ g6 15. Qh3+ Kg7 16. Ng5 Rh8 17. Qc3+ f6 18. Qxc5 fxg5 19. Qxg5 Qc7 20. h3
Nc6 21. Rad1 Rad8 22. Qg4 Rxd1 23. Rxd1 Rd8 24. Rxd8 Qxd8 25. Qc4 Qd1+ 26. Kh2
Qd6+ 27. Kg1 Qb4 28. Qc3+ Qxc3 29. bxc3 Ne7 30. g4 Nd5 31. c4 Nb4 32. f4 Nxa2
33. Kf2 Nb4 34. Ke3 Nxc2+ 35. Kd3 Ne1+ 36. Kd4 Ng2 37. f5 gxf5 38. gxf5 Kf6 39.
Kc5 Ne3 40. Kb4 Nxc4 41. Kxc4 Kxf5 42. Kc5 Kg5 43. Kb6 Kh4 44. Ka5 Kxh3 45. Kb4
b6 46. Kc4 Kg3 47. Kb4 Kf3 48. Kb3 Ke3 49. Kc3 b5 50. Kb4 Kd3 51. Kb3 a5 52.
Ka3 Kc3 53. Ka2 b4 54. Kb1 Kb3 55. Ka1 Kc2 56. Ka2 b3+ 0-1

[Event "DEM U12 2011"]
[Site "Oberhof GER"]
[Date "2011.06.15"]
[Round "6"]
[White "Semenova, Alisa"]
[Black "Kololli, Kevin"]
[Result "1/2-1/2"]
[Termination "normal"]
[Board "30"]
[WhiteElo "1163"]
[BlackElo "1596"]
[PlyCount "38"]
[WhiteFideId "1272132"]
[BlackFideId "12936863"]
[EventCountry "GER"]
[EventRounds "11"]
[EventType "swiss"]
[EventDate "2011.06.11"]

1. e4 c6 2. d4 d5 3. exd5 cxd5 4. Bd3 Nc6 5. c3 Nf6 6. h3 Bd7 7. Nf3 g6 8. Bf4
Bg7 9. Nbd2 O-O 10. O-O e6 11. Re1 Rc8 12. a3 Qb6 13. Qb3 Qxb3 14. Nxb3 Ne7 15.
Bd6 Rfe8 16. Nc5 b6 17. Nxd7 Nxd7 18. Ba6 Rc6 19. Bf4 Rd8 1/2-1/2

[Event "DEM U12 2011"]
[Site "Oberhof GER"]
[Date "2011.06.15"]
[Round "6"]
[White "Niedwetzki, Jan Daniel"]
[Black "Peter, Anton"]
[Result "0-1"]
[Termination "normal"]
[Board "31"]
[WhiteElo "1120"]
[BlackElo "1757"]
[PlyCount "94"]
[WhiteFideId "12938157"]
[BlackFideId "12901660"]
[EventCountry "GER"]
[EventRounds "11"]
[EventType "swiss"]
[EventDate "2011.06.11"]

1. e4 e5 2. Nf3 d6 3. d4 exd4 4. Nxd4 Nf6 5. Nc3 Be7 6. Bd3 c6 7. O-O b5 8. a3
a6 9. Re1 c5 10. Nf3 c4 11. Bf1 Nbd7 12. e5 dxe5 13. Nxe5 Bb7 14. Nxd7 Qxd7 15.
Qxd7+ Kxd7 16. g3 Bc5 17. Be3 Bxe3 18. Rxe3 Ng4 19. Bh3 f5 20. Rd1+ Kc8 21. Re7
g6 22. Rdd7 Bf3 23. Rxh7 Re8 24. Rhe7 Rxe7 25. Rxe7 Rb8 26. Bg2 Bxg2 27. Kxg2
Rb6 28. h3 Nf6 29. Rf7 Ne4 30. Nxe4 fxe4 31. Re7 Rd6 32. c3 Rd2 33. Rxe4 Rxb2
34. Kf3 Rb3 35. Re3 Rxa3 36. Kg4 a5 37. Kg5 b4 38. Re4 Rxc3 39. Kxg6 b3 40. Re1
b2 41. Rb1 Rb3 42. g4 c3 43. g5 c2 44. Rxb2 Rxb2 45. Kg7 Rb7+ 46. Kf6 c1=Q 47.
g6 Qc3+ 0-1

[Event "DEM U12 2011"]
[Site "Oberhof GER"]
[Date "2011.06.15"]
[Round "6"]
[White "Kempe, Anne"]
[Black "Sherif, Amina"]
[Result "1/2-1/2"]
[Termination "normal"]
[Board "32"]
[WhiteElo "1538"]
[BlackElo "1345"]
[PlyCount "77"]
[WhiteFideId "12918083"]
[BlackFideId "12911690"]
[EventCountry "GER"]
[EventRounds "11"]
[EventType "swiss"]
[EventDate "2011.06.11"]

1. e4 e5 2. Nf3 Nf6 3. Nxe5 d6 4. Nf3 Nxe4 5. Nc3 Nxc3 6. dxc3 Be7 7. Be3 Nc6
8. Qd2 O-O 9. O-O-O Ne5 10. Nd4 Bd7 11. Kb1 c5 12. Nb5 Be6 13. b3 Qa5 14. c4
Qb6 15. Kc1 a6 16. Nc3 Qa5 17. Kb1 Kh8 18. Nd5 Qxd2 19. Rxd2 Bxd5 20. cxd5 Bf6
21. h3 Rfe8 22. Bf4 Rad8 23. Re2 Ng6 24. Be3 Kg8 25. g3 Re7 26. c4 Rde8 27. Kc2
Bd4 28. Kd2 Ne5 29. Bg2 Ng6 30. Rhe1 Bf6 31. f4 b5 32. Kd3 b4 33. Bc1 Rxe2 34.
Rxe2 Rxe2 35. Kxe2 Ne7 36. g4 Ng6 37. Kf3 Kf8 38. a3 a5 39. axb4 1/2-1/2

[Event "DEM U12 2011"]
[Site "Oberhof GER"]
[Date "2011.06.15"]
[Round "6"]
[White "Nguyen, Huy Dat"]
[Black "Weis, Olga"]
[Result "1-0"]
[Termination "normal"]
[Board "33"]
[WhiteElo "1537"]
[BlackElo "1541"]
[PlyCount "101"]
[WhiteFideId "12923486"]
[BlackFideId "1270234"]
[EventCountry "GER"]
[EventRounds "11"]
[EventType "swiss"]
[EventDate "2011.06.11"]

1. d4 d5 2. c4 c6 3. Nf3 Nf6 4. g3 Bf5 5. Bg2 e6 6. O-O Nbd7 7. Qb3 Qb6 8. Bf4
Be7 9. Nc3 dxc4 10. Qxb6 axb6 11. Nd2 b5 12. a4 b4 13. Nd1 Nd5 14. Nxc4 b5 15.
Nd6+ Bxd6 16. Bxd6 N7b6 17. e4 Nc4 18. exd5 Nxd6 19. dxe6 Be4 20. exf7+ Kxf7
21. Ne3 Bxg2 22. Kxg2 bxa4 23. Rfc1 Rhc8 24. Nc4 Nxc4 25. Rxc4 a3 26. Rxb4 axb2
27. Rxa8 Rxa8 28. Rxb2 Rd8 29. Rc2 Rd6 30. Kf3 Kf6 31. Rc5 Rxd4 32. Rxc6+ Kf5
33. Rc3 Ra4 34. h3 h5 35. g4+ hxg4+ 36. hxg4+ Kg5 37. Rc5+ Kg6 38. Kg3 Ra3+ 39.
Kh4 Rf3 40. Rg5+ Kh6 41. Rf5 Rxf5 42. gxf5 g6 43. fxg6 Kxg6 44. Kg4 Kf6 45. Kf4
Ke6 46. Kg5 Ke7 47. Kg6 Kf8 48. f4 Kg8 49. Kf6 Kf8 50. f5 Kg8 51. Ke7 1-0

[Event "DEM U12 2011"]
[Site "Oberhof GER"]
[Date "2011.06.15"]
[Round "6"]
[White "Blösch, Christoph"]
[Black "Allin, Katharina"]
[Result "1-0"]
[Termination "normal"]
[Board "34"]
[WhiteElo "1504"]
[BlackElo "1256"]
[PlyCount "81"]
[WhiteFideId "12918121"]
[BlackFideId "12903779"]
[EventCountry "GER"]
[EventRounds "11"]
[EventType "swiss"]
[EventDate "2011.06.11"]

1. e4 e5 2. Nf3 Nc6 3. Bc4 Bc5 4. c3 Nf6 5. d3 d6 6. O-O Bg4 7. Nbd2 Bb6 8. Re1
Qd7 9. b4 h5 10. Qb3 h4 11. h3 Be6 12. Bxe6 fxe6 13. Nc4 O-O-O 14. a4 d5 15.
Ncxe5 Nxe5 16. Nxe5 Qd6 17. Nf7 Bxf2+ 18. Kxf2 Qg3+ 19. Kf1 Rhf8 20. Re3 Qh2
21. Rf3 Rxf7 22. Qa2 Qd6 23. exd5 Qxd5 24. Qxd5 Rxd5 25. c4 Rdd7 26. Ra3 Nh5
27. Bg5 Rxf3+ 28. gxf3 Ng3+ 29. Kf2 Nf5 30. f4 Ne7 31. Bxh4 Nc6 32. b5 Nb4 33.
Ke2 Nc2 34. Rc3 Nd4+ 35. Kf2 g6 36. Bf6 c5 37. Bxd4 cxd4 38. Rc2 Rf7 39. Kg3
Kc7 40. Re2 Kd6 41. Re4 1-0

[Event "DEM U12 2011"]
[Site "Oberhof GER"]
[Date "2011.06.15"]
[Round "6"]
[White "Rausch, Adrian"]
[Black "Speck, Jakob"]
[Result "1-0"]
[Termination "normal"]
[Board "35"]
[WhiteElo "1469"]
[BlackElo "987"]
[PlyCount "36"]
[WhiteFideId "12929069"]
[BlackFideId "12938181"]
[EventCountry "GER"]
[EventRounds "11"]
[EventType "swiss"]
[EventDate "2011.06.11"]

1. d4 d5 2. Nf3 Nf6 3. e3 Nc6 4. a3 Bg4 5. Be2 Bxf3 6. Bxf3 e5 7. O-O Bd6 8. c3
e4 9. Be2 O-O 10. Nd2 Ne7 11. c4 c6 12. f4 Qc7 13. c5 Nf5 14. cxd6 Qxd6 15. Nb1
c5 16. g4 Ne7 17. Nc3 Qb6 18. Na4 Qc6 1-0

[Event "DEM U12 2011"]
[Site "Oberhof GER"]
[Date "2011.06.15"]
[Round "6"]
[White "Schröder, Janina"]
[Black "Halas, Julia"]
[Result "0-1"]
[Termination "normal"]
[Board "36"]
[WhiteElo "1065"]
[BlackElo "1424"]
[PlyCount "112"]
[WhiteFideId "24693138"]
[BlackFideId "12931810"]
[EventCountry "GER"]
[EventRounds "11"]
[EventType "swiss"]
[EventDate "2011.06.11"]

1. e4 e5 2. Nf3 Nf6 3. Nc3 Nc6 4. Bb5 Nd4 5. d3 Nxb5 6. Nxb5 c6 7. Nc3 Bd6 8.
Bg5 O-O 9. d4 Re8 10. O-O h6 11. Bh4 Qe7 12. d5 Bc5 13. Re1 d6 14. h3 Bd7 15.
Na4 cxd5 16. Nxc5 dxc5 17. Bxf6 Qxf6 18. Qxd5 Bxh3 19. Re3 Be6 20. Qxe5 Qxe5
21. Nxe5 Bxa2 22. Nd3 Be6 23. Nxc5 b6 24. Na6 Rac8 25. Nb4 a5 26. Nd3 Rxc2 27.
Rc1 Rxc1+ 28. Nxc1 Bc8 29. f3 f5 30. e5 Rd8 31. Nd3 Ba6 32. Nf4 Rd1+ 33. Kh2
Rd4 34. Ne6 Rd3 35. Re1 Rd2 36. Nc7 Re2 37. Rxe2 Bxe2 38. Kg3 g5 39. f4 Kf7 40.
Kf2 Bc4 41. Ke3 Ke7 42. fxg5 hxg5 43. Kd4 Kd7 44. Nd5 Bxd5 45. Kxd5 f4 46. e6+
Ke7 47. Ke5 b5 48. Kf5 a4 49. Kxg5 b4 50. Kxf4 a3 51. bxa3 bxa3 52. g4 a2 53.
g5 a1=Q 54. Kg4 Kxe6 55. Kh5 Kf5 56. Kh6 Qh8# 0-1

[Event "DEM U12 2011"]
[Site "Oberhof GER"]
[Date "2011.06.15"]
[Round "6"]
[White "Klodt, Daniel"]
[Black "Wallat, Jessica"]
[Result "1/2-1/2"]
[Termination "normal"]
[Board "37"]
[WhiteElo "1390"]
[BlackElo "1277"]
[PlyCount "55"]
[WhiteFideId "12938068"]
[BlackFideId "12909637"]
[EventCountry "GER"]
[EventRounds "11"]
[EventType "swiss"]
[EventDate "2011.06.11"]

1. e4 e6 2. d4 d5 3. exd5 exd5 4. Bd3 Bd6 5. Nf3 Bg4 6. c3 Ne7 7. h3 Bh5 8.
Nbd2 Nbc6 9. O-O Qd7 10. b4 h6 11. b5 Na5 12. Qa4 b6 13. Ba3 Bxa3 14. Qxa3 O-O
15. Ne5 Qe6 16. Rfe1 Qd6 17. Qxd6 cxd6 18. Nef3 Rfe8 19. Re3 Bg6 20. Bxg6 Nxg6
21. Rae1 Kf8 22. Kf1 Rxe3 23. fxe3 Re8 24. Kf2 Nc4 25. Nxc4 dxc4 26. Kg3 d5 27.
Nd2 f5 28. Nf3 1/2-1/2

[Event "DEM U12 2011"]
[Site "Oberhof GER"]
[Date "2011.06.15"]
[Round "6"]
[White "Kast, Larissa"]
[Black "Müller, Sophie"]
[Result "0-1"]
[Termination "normal"]
[Board "38"]
[WhiteElo "1158"]
[BlackElo "1386"]
[PlyCount "174"]
[WhiteFideId "24699055"]
[BlackFideId "12926698"]
[EventCountry "GER"]
[EventRounds "11"]
[EventType "swiss"]
[EventDate "2011.06.11"]

1. e4 c6 2. c4 d5 3. cxd5 cxd5 4. exd5 Qxd5 5. Nc3 Qa5 6. Bc4 Qc7 7. d3 e6 8.
a3 Bd7 9. Qf3 Nf6 10. Bb5 Bd6 11. Bxd7+ Qxd7 12. Bg5 Be7 13. Nge2 O-O 14. Ne4
Nxe4 15. Bxe7 Nd2 16. Qf4 Qxe7 17. Qxd2 Nc6 18. h4 Rfd8 19. Rh3 Rac8 20. Qf4
Qd6 21. Rg3 Qxf4 22. Nxf4 Nd4 23. Rd1 g6 24. h5 Kf8 25. Kf1 Rc2 26. Rb1 Rdc8
27. Ke1 Rc1+ 28. Rxc1 Rxc1+ 29. Kd2 Rc2+ 30. Ke1 Rxb2 31. Rg4 Rb1+ 32. Kd2 Nf5
33. hxg6 hxg6 34. Kc2 Rb6 35. Nh3 Rd6 36. Ng5 Rd4 37. Rxd4 Nxd4+ 38. Kc3 Nb5+
39. Kb4 Nd4 40. Kc5 Nc2 41. Kd6 Nxa3 42. Kc7 b5 43. Ne4 Ke7 44. Kc6 b4 45. Nc5
Nc2 46. Kb5 Kd6 47. Ne4+ Kd5 48. Nc5 Kd4 49. g3 a6+ 50. Kb6 a5 51. Nb3+ Kc3 52.
Nc5 b3 53. Kxa5 b2 54. Na4+ Kb3 55. Nxb2 Kxb2 56. Kb5 Nd4+ 57. Kc4 Nf3 58. d4
Kc2 59. d5 exd5+ 60. Kxd5 Kd3 61. Kd6 Ke4 62. Ke7 g5 63. Kf6 Kd3 64. Kf5 Ke2
65. g4 Kxf2 66. Kf6 Kg3 67. Kf5 Kh4 68. Ke4 Kxg4 69. Ke3 Kg3 70. Ke4 g4 71. Ke3
Kh2 72. Kf2 g3+ 73. Kxf3 g2 74. Kf4 g1=Q 75. Ke4 Qf1 76. Ke5 Qc4 77. Kd6 Qb5
78. Kc7 Qa6 79. Kd7 Kg3 80. Kc7 Kf4 81. Kd7 Ke5 82. Kc7 f5 83. Kd7 Qd6+ 84. Kc8
Qe7 85. Kb8 Kd6 86. Ka8 Kc6 87. Kb8 Qb7# 0-1

[Event "DEM U12 2011"]
[Site "Oberhof GER"]
[Date "2011.06.15"]
[Round "6"]
[White "Moses, Selina"]
[Black "Tiedemann, Fin Niklas"]
[Result "1-0"]
[Termination "normal"]
[Board "39"]
[WhiteElo "1704"]
[BlackElo "1525"]
[PlyCount "81"]
[WhiteFideId "12908070"]
[BlackFideId "12936936"]
[EventCountry "GER"]
[EventRounds "11"]
[EventType "swiss"]
[EventDate "2011.06.11"]

1. e4 e5 2. Nf3 Nc6 3. Bc4 Nf6 4. d3 Bc5 5. O-O d6 6. c3 Be6 7. Bb3 a5 8. Nbd2
O-O 9. h3 b5 10. Re1 Qe7 11. Nf1 h6 12. Ng3 Rfe8 13. Nh2 Rad8 14. Qf3 Qd7 15.
Bxh6 Bxb3 16. axb3 gxh6 17. Qxf6 Re6 18. Qf3 Rg6 19. Ng4 Ne7 20. Nf6+ Rxf6 21.
Qxf6 Qe6 22. Qxe6 fxe6 23. Rxa5 Rf8 24. Rf1 c6 25. b4 Bb6 26. Ra6 Bd8 27. Rfa1
Ng6 28. Rxc6 Nf4 29. Rxd6 Bh4 30. Re1 Rf7 31. d4 exd4 32. Rxd4 e5 33. Rd5 Kh7
34. Nf5 Bf6 35. Red1 Kg6 36. Rd7 Rf8 37. R1d6 Rf7 38. Rxf7 Kxf7 39. Nxh6+ Kg6
40. Ng4 Nh5 41. Nxe5+ 1-0

[Event "DEM U12 2011"]
[Site "Oberhof GER"]
[Date "2011.06.15"]
[Round "6"]
[White "Schmid, Katharina"]
[Black "Gschnitzer, Adrian"]
[Result "1/2-1/2"]
[Termination "normal"]
[Board "40"]
[WhiteElo "1070"]
[BlackElo "1590"]
[PlyCount "108"]
[WhiteFideId "12918210"]
[BlackFideId "1270337"]
[EventCountry "GER"]
[EventRounds "11"]
[EventType "swiss"]
[EventDate "2011.06.11"]

1. e4 c5 2. Nf3 Nc6 3. Nc3 g6 4. d4 cxd4 5. Nxd4 Bg7 6. Nb3 Nf6 7. Be2 O-O 8.
O-O b6 9. Bg5 Bb7 10. f4 d6 11. Kh1 a5 12. a4 Rc8 13. Bf3 Nb4 14. e5 Bxf3 15.
Rxf3 dxe5 16. Qxd8 Rfxd8 17. fxe5 Nfd5 18. Nxd5 Nxd5 19. c3 Bxe5 20. Raf1 f5
21. g3 Bg7 22. Rd1 h6 23. Rfd3 hxg5 24. Rxd5 Rxd5 25. Rxd5 Rc6 26. Rd7 Kf7 27.
Nd2 Be5 28. Nf3 Bf6 29. Kg2 Rd6 30. Rxd6 exd6 31. h3 Ke6 32. Kf2 Kd5 33. Nd2
Kc5 34. Ke2 b5 35. axb5 Kxb5 36. Kd3 d5 37. b3 Kc5 38. g4 Kd6 39. Nf3 Ke6 40.
Kc2 Kd6 41. Kd3 Kc5 42. Kc2 Kb5 43. Kd3 a4 44. bxa4+ Kxa4 45. Kd2 Kb3 46. Kd3
Kb2 47. c4 dxc4+ 48. Kxc4 Kc2 49. Kd5 Kd3 50. Ke6 fxg4 51. hxg4 Ke4 52. Kxf6
Kxf3 53. Kxg5 Kg3 54. Kxg6 Kxg4 1/2-1/2

[Event "DEM U12 2011"]
[Site "Oberhof GER"]
[Date "2011.06.15"]
[Round "6"]
[White "Silber, Stefanie"]
[Black "Blumenthal, Clemens"]
[Result "0-1"]
[Termination "normal"]
[Board "41"]
[WhiteElo "1095"]
[BlackElo "1494"]
[PlyCount "118"]
[WhiteFideId "12918245"]
[BlackFideId "12938050"]
[EventCountry "GER"]
[EventRounds "11"]
[EventType "swiss"]
[EventDate "2011.06.11"]

1. e4 e6 2. d4 d5 3. Nc3 Bb4 4. exd5 exd5 5. Nf3 Ne7 6. Be2 O-O 7. O-O c5 8.
Be3 c4 9. Qd2 Nbc6 10. Rad1 Bf5 11. a3 Ba5 12. Ne5 f6 13. Nxc6 bxc6 14. Bf3 Ng6
15. g3 Bh3 16. Rfe1 Bc7 17. b4 Qd6 18. Bh5 Nh4 19. Bf4 Qd7 20. Bxc7 Bg4 21.
Bxg4 Qxg4 22. Qe2 Qg6 23. Rc1 Rae8 24. Qf1 Rxe1 25. Rxe1 Nf3+ 26. Kg2 Nxe1+ 27.
Qxe1 Qxc2 28. Qe6+ Kh8 29. Bd6 Rg8 30. Qe4 Qb2 31. a4 Qc2 32. Qe3 Qg6 33. b5
cxb5 34. axb5 Re8 35. Qd2 Kg8 36. Bc5 Qf7 37. Qa2 Ra8 38. Qa6 Qe8 39. Nxd5 Qe4+
40. Kh3 Qxd5 41. f4 c3 42. Qa4 Kf7 43. Ba3 Kg6 44. Qc2+ Qf5+ 45. Qxf5+ Kxf5 46.
d5 c2 47. Kg2 Rc8 48. Bc1 Rd8 49. Kf3 Rxd5 50. g4+ Ke6 51. f5+ Kd7 52. Ke2 Rd1
53. h4 Rxc1 54. Kd2 Rg1 55. Kxc2 Rxg4 56. h5 Rg5 57. Kd3 Rxf5 58. Kc4 Rxh5 59.
Kb4 Rxb5+ 0-1